| 000 | 006030000a22002290004500 | ||
|---|---|---|---|
| 003 | LK-CoMWRAF | ||
| 005 | 20231115121459.0 | ||
| 008 | 230817t1975 ||||| |||| 00| 0 eng d | ||
| 020 | _a0024254509 | ||
| 040 |
_aLK-CoMWRAF _dLK-CoMWRAF _eLK-CoMWRAF |
||
| 041 | _aeng | ||
| 082 |
_a301.42 _bWEL |
||
| 100 | _aWells, J. Gipson | ||
| 245 | _aCurrent Issues in Marriage and the Family | ||
| 260 |
_aNew York: _bMacmillan, _c1975 |
||
| 300 | _aix, 309 p. 24 cm. | ||
| 650 | _a Marriage | ||
| 650 | _aFamilies--United States | ||
| 650 | _aDivorce--United States | ||
| 650 | _aSex role. | ||
| 942 | _cBK | ||
| 999 |
_c1207 _d1207 |
||